书目信息 |
| 题名: |
大匠踪迹
|
|
| 作者: | 窦忠如 著 | |
| 分册: | ||
| 出版信息: | 天津 百花文艺出版社 2006.06 |
|
| 页数: | 186页 | |
| 开本: | 23cm | |
| 丛书名: | ||
| 单 册: | ||
| 中图分类: | TU-881.2 , K826.16=76 | |
| 科图分类: | ||
| 主题词: | 建筑艺术--jian zhu yi shu--中国--近代--图集 , 建筑师--jian zhu shi--生平事迹--中国--近代 , 建筑艺术--jian zhu yi shu--中国--现代--图集 , 建筑师--jian zhu shi--生平事迹--中国--现代 | |
| 电子资源: | ||
| ISBN: | 7-5306-4470-X | |
| 000 | 00994nam0 2200265 450 | |
| 001 | 012006975205 | |
| 005 | 20061219153801.32 | |
| 010 | @a7-5306-4470-X@dCNY21.00 | |
| 100 | @a20060927d2006 km y0chiy0120 ea | |
| 101 | 0 | @achi |
| 102 | @aCN@b120000 | |
| 105 | @aa z 000yy | |
| 200 | 1 | @a大匠踪迹@Ada jiang zong ji@f窦忠如著@Fdou zhong ru zhu |
| 210 | @a天津@c百花文艺出版社@d2006.06 | |
| 215 | @a186页@c图@d23cm | |
| 330 | @a20世纪30年代以来,中国和西方的一批建筑大师,如吕彦直、杨廷宝等设计了我国现代史上一批经典建筑,这些建筑既艺术地解说着中国近现代的建筑史,也彰显着这些建筑巨匠们的历史踪迹。 | |
| 606 | 0 | @a建筑艺术@Ajian zhu yi shu@y中国@z近代@j图集 |
| 606 | 0 | @a建筑师@Ajian zhu shi@x生平事迹@y中国@z近代 |
| 606 | 0 | @a建筑艺术@Ajian zhu yi shu@y中国@z现代@j图集 |
| 606 | 0 | @a建筑师@Ajian zhu shi@x生平事迹@y中国@z现代 |
| 690 | @aTU-881.2@v4 | |
| 690 | @aK826.16=76@v4 | |
| 701 | 0 | @a窦忠如@Adou zhong ru@4著 |
| 801 | 0 | @aCN@c20061219 |
| 905 | @a10447@dK826.16=76@eD779 | |
| 大匠踪迹/窦忠如著.-天津:百花文艺出版社,2006.06 |
| 186页:图;23cm |
| ISBN 7-5306-4470-X:CNY21.00 |
| 20世纪30年代以来,中国和西方的一批建筑大师,如吕彦直、杨廷宝等设计了我国现代史上一批经典建筑,这些建筑既艺术地解说着中国近现代的建筑史,也彰显着这些建筑巨匠们的历史踪迹。 |
| ● |
| 相关链接 |
|
|
|
正题名:大匠踪迹
索取号:K826.16=76/D779
 
预约/预借
| 序号 | 登录号 | 条形码 | 馆藏地/架位号 | 状态 | 备注 |
| 1 | 227851 | 202278515 | 社科库309/309社科库 55排7列3层/ [索取号:K826.16=76/D779] | 在馆 | |
| 2 | 227852 | 202278524 | 社科库309/309社科库 55排7列3层/ [索取号:K826.16=76/D779] | 在馆 | |
| 3 | 227853 | 202278533 | 社科库309/309社科库 55排7列3层/ [索取号:K826.16=76/D779] | 在馆 |